000 00227nam a2200097Ia 4500
008 170619s9999 xx 000 0 und d
100 _aWALSH- D
245 0 _aELECTRICAL PROPERTIES
260 _bOXFORD UNIVERSITY PRESS
260 _c2007
546 _aENGLISH
999 _c18583
_d18583